Esportazione completata correttamente — 

 Tấm gương Bác - Ngọc quý của mọi nhà

Salvato in:
Dettagli Bibliografici
Autori principali:  Nguyễn, Văn Khoan,  Tấm gương Bác - Ngọc quý của mọi nhà
Natura: Sách
Lingua:Undetermined
Pubblicazione:  Công an Nhân dân  2018
Soggetti:
Tags: Aggiungi Tag
Nessun Tag, puoi essere il primo ad aggiungerne! !
Thư viện lưu trữ: Trung tâm Thư viện - Trường Đại học Công nghiệp TP. Hồ Chí Minh
LEADER 00569nam a2200157Ia 4500
001 UIH_08118
008 241002s9999 xx 000 0 und d
082 |a  335.4346 
100 |a  Nguyễn, Văn Khoan 
100 |a  Tấm gương Bác - Ngọc quý của mọi nhà 
245 0 |a  Tấm gương Bác - Ngọc quý của mọi nhà 
260 |b  Công an Nhân dân 
260 |c  2018 
650 |a Tư tưởng Hồ Chí Minh 
927 |a Sách 
980 |a Trung tâm Thư viện - Trường Đại học Công nghiệp TP. Hồ Chí Minh